01015nam a2200301 i 4500001001000000003000900010005001700019007000300036008004100039020001800080040003000098041000800128082002200136100003600158245005800194264003400252300002800286336002700314337003300341338002800374490003000402500005800432650006400490650005600554650002900610710004400639830003000683000015010DO-SdBNP20250211103812.0ta100129s2007 dr 001 0 spa d a9789993462910 aDO-SdBNPbspacBNPHUerda hspa a860.44bC433p2221 aChahín, Plinio,d1959-eautor10aPasión en el oficio de escribir /cPlinio Chahín. aSanto Domingo :bUASD,c2007. a177 páginas ;c23 cm. ardacontentbtexto2txt ardamediabsin mediación2n ardacarrierbvolumen2nc1 aLiteratura y sociedadv77 aIncluye datos biográficos del autor en las solapas. 4aLiteratura hispanoamericanaySIGLO XXxHistoria y crítica 4aLiteratura dominicanaxCrítica e interpretación 4aEnsayos hispanoamericano1 aUniversidad Autónoma de Santo Domingo 0aLiteratura y sociedadn77